000 00416nam a22001697a 4500
003 MPLRDC
005 20220104114743.0
008 210129b ||||| |||| 00| 0 eng d
082 _a861.57 SPLZ-3
100 _a三浦菱子
245 _a雁狩岭
_c朱佩兰译
250 _a七版
260 _a
_b基督教文艺出版社
_c1994
300 _b
650 _a日本现代小说
942 _cBK
_o861.57 SPLZ-3
999 _c9951
_d9941